|
|
|
|
| LEADER |
00580nam a22001697a 4500 |
| 005 |
20151215125610.0 |
| 008 |
100107t xxu||||| |||| 00| 0 eng d |
| 082 |
|
|
|a 658.4
|b RAM
|
| 100 |
|
|
|a Ramu, S. Shiva
|9 2919
|
| 245 |
|
|
|a Strategic alliances
|b building net work relationship for mutual gain
|
| 300 |
|
|
|a 204p.
|
| 653 |
|
|
|a Strategic alliances (business)
|
| 942 |
|
|
|c BK
|6 _
|
| 260 |
|
|
|a New Delhi
|b Response Books
|c 1996
|
| 020 |
|
|
|a 8170365821
|
| 999 |
|
|
|c 107400
|d 107400
|
| 952 |
|
|
|0 0
|1 0
|2 ddc
|4 0
|6 6584_RAM
|7 0
|9 135002
|a SMS
|b SMS
|c GEN
|d 2010-01-08
|o 658.4 RAM
|p SMS019996
|r 2010-01-08
|w 2010-01-08
|y BK
|